000 00719nam a2200241Ia 4500
003 OSt
005 20220925212649.0
006 a|||||r|||| 00| 0
007 ta
008 220923b |||||||| |||| 00| 0 eng d
037 _cGeneral Book
040 _aRTL
_cRTL
_beng
041 _2eng
_aeng
082 _aX:82:(T), L2
100 _aGane Christopher
_9277133
245 0 _aManaging the training function
_b using instruction
260 _aLondon
_bAllen and Unwin UK
_c1972
300 _a183p. Bibliography p 179-80
_ccm.
490 _aUnwin Professional Management Library
650 _aTop Management
942 _hX:82:(T), L2
_cGB
_2CC
999 _c560887
_d560887